Loading...
| Religion | 0 | 3 | 0 | 0 | 30 | 37 | 51.00 | 2 | 2 | 0.00 | 0.00 |
| Science - Physics | 0 | 4 | 2 | 0 | 30 | 21 | 42.75 | 1 | 2 | 0.00 | 0.00 |
| Science - Other | 0 | 3 | 1 | 0 | 25 | 20 | 37.00 | 1 | 3 | 0.00 | 0.00 |
| Science - Chemistry | 0 | 2 | 0 | 0 | 20 | 78 | 79.00 | 0 | 0 | 0.00 | 0.00 |
| Science - Biology | 0 | 3 | 2 | 0 | 20 | 39 | 50.33 | 2 | 3 | 0.00 | 0.00 |
| History - American | 0 | 2 | 0 | 1 | 20 | 87 | 92.00 | 0 | 0 | 0.00 | 0.00 |
| Philosophy | 0 | 2 | 0 | 0 | 20 | 70 | 85.00 | 0 | 1 | 0.00 | 0.00 |
| Fine Arts - Classical Music | 0 | 1 | 0 | 0 | 10 | 87 | 87.00 | 0 | 0 | 0.00 | 0.00 |
| History - World | 0 | 1 | 0 | 0 | 10 | 30 | 30.00 | 0 | 1 | 0.00 | 0.00 |
| Literature - World | 0 | 1 | 0 | 0 | 10 | 76 | 76.00 | 0 | 0 | 0.00 | 0.00 |
| Geography | 0 | 1 | 1 | 0 | 5 | 60 | 60.00 | 0 | 1 | 0.00 | 0.00 |
| Social Science | 0 | 1 | 2 | 0 | 0 | 59 | 59.00 | 1 | 1 | 0.00 | 0.00 |
| History - Other | 0 | 0 | 1 | 0 | -5 | 0.00 | 0 | 0 | 0.00 | 0.00 |